Practical business math: an applications approach (Record no. 41255)

MARC details
000 -LEADER
fixed length control field 00490nam a2200169Ia 4500
008 - FIXED-LENGTH DATA ELEMENTS--GENERAL INFORMATION
fixed length control field 191130s2000##################000#0#eng##
020 ## - INTERNATIONAL STANDARD BOOK NUMBER
International Standard Book Number 9780130256607
040 ## - CATALOGING SOURCE
Original cataloging agency ACL
Transcribing agency ACL
082 ## - DEWEY DECIMAL CLASSIFICATION NUMBER
Classification number 650.01513 TUT
100 ## - MAIN ENTRY--PERSONAL NAME
Personal name Tuttle, Michael D
245 ## - TITLE STATEMENT
Title Practical business math: an applications approach
Statement of responsibility, etc. Michael D. Tuttle
250 ## - EDITION STATEMENT
Edition statement 8th ed
260 ## - PUBLICATION, DISTRIBUTION, ETC.
Place of publication, distribution, etc. Upper Saddle River, NJ
Name of publisher, distributor, etc. Prentice Hall
Date of publication, distribution, etc. 2000
990 ## - EQUIVALENCES OR CROSS-REFERENCES [LOCAL, CANADA]
Link information for 9XX fields ca8f1018ac10000c41b08ab23ecb6da9
991 ## -
-- 361354
Holdings
Withdrawn status Lost status Damaged status Not for loan Home library Current library Shelving location Date acquired Total Checkouts Full call number Barcode Date last seen Price effective from Koha item type
        Anna Centenary Library Anna Centenary Library 6TH FLOOR, A WING 09.10.2020   650.01513 TUT 213135 09.10.2020 09.10.2020 Books

Find us on the map